[Event "Central London Minor"]
[Site "London"]
[Date "2022.11.06"]
[Round "4.7"]
[White "Tierney, John"]
[Black "Gill, Gursharanjit S"]
[Result "0-1"]
[WhiteElo "1302"]
[BlackElo "1584"]
[PlyCount "66"]
[EventDate "2022.11.04"]
[EventType "swiss"]
[EventRounds "5"]
[EventCountry "ENG"]
[SourceTitle "BritBase"]
[Source "John Saunders"]
[SourceDate "2023.06.01"]
[SourceVersion "1"]
[SourceVersionDate "2023.06.01"]
[SourceQuality "1"]

1. e4 e6 2. d4 d5 3. Nc3 Bb4 4. Qg4 g6 5. e5 c5 6. Nf3 Nc6 7. Qf4 Nge7 8. Be3
Nf5 9. Bd3 Nxe3 10. Qxe3 cxd4 11. Nxd4 Bc5 12. Bb5 Bd7 13. Bxc6 Bxc6 14. O-O-O
b5 15. Qd3 Bxd4 16. Qxd4 O-O 17. h4 h6 18. Qd2 Kh7 19. Qd3 Kg7 20. f4 f5 21.
Rhg1 Qxh4 22. g3 Qe7 23. Rh1 d4 24. Qxd4 Bxh1 25. Rxh1 Rfd8 26. Qg1 b4 27. Nb5
a5 28. Qh2 h5 29. Qg1 a4 30. Nd4 Qd7 31. g4 fxg4 32. Nf3 gxf3 33. Qg5 Qd2+ 0-1

[Event "Central London Minor"]
[Site "London"]
[Date "2022.11.06"]
[Round "5.1"]
[White "Tree, Djuna"]
[Black "Amabile, Domenico"]
[Result "1-0"]
[WhiteElo "1243"]
[BlackElo "1589"]
[PlyCount "87"]
[EventDate "2022.11.04"]
[EventType "swiss"]
[EventRounds "5"]
[EventCountry "ENG"]
[SourceTitle "BritBase"]
[Source "John Saunders"]
[SourceDate "2023.06.01"]
[SourceVersion "1"]
[SourceVersionDate "2023.06.01"]
[SourceQuality "1"]

1. e4 d5 2. exd5 Qxd5 3. Nc3 Qd8 4. d4 Nf6 5. Nf3 Bf5 6. Bc4 e6 7. O-O Be7 8.
Re1 O-O 9. Bf4 c6 10. Qe2 Nd5 11. Nxd5 cxd5 12. Bb3 Nc6 13. a3 Bf6 14. Rad1 Qb6
15. Be5 Bxe5 16. dxe5 h6 17. Qd2 Na5 18. Nd4 Nxb3 19. cxb3 Bg6 20. Rc1 Rac8 21.
Rc3 Rxc3 22. bxc3 Rc8 23. a4 a6 24. Re3 Qa5 25. h3 b5 26. axb5 axb5 27. b4 Qa1+
28. Kh2 Qa6 29. Qe2 Rc4 30. g4 Be4 31. f4 Qa1 32. Nxb5 g5 33. fxg5 hxg5 34. Qf2
Qh1+ 35. Kg3 Bg6 36. Re1 Rxg4+ 37. Kxg4 Bf5+ 38. Kxg5 Qxh3 39. Kf6 Qh6+ 40. Ke7
Qg5+ 41. Kd7 Kf8 42. Qc5+ Kg7 43. Rg1 Bg4 44. Qe7 1-0

[Event "Central London Minor"]
[Site "London"]
[Date "2022.11.06"]
[Round "5.2"]
[White "Carter, John"]
[Black "Rahman, Imran"]
[Result "0-1"]
[WhiteElo "1641"]
[BlackElo "1722"]
[PlyCount "152"]
[EventDate "2022.11.04"]
[EventType "swiss"]
[EventRounds "5"]
[EventCountry "ENG"]
[SourceTitle "BritBase"]
[Source "John Saunders"]
[SourceDate "2023.06.01"]
[SourceVersion "1"]
[SourceVersionDate "2023.06.01"]
[SourceQuality "1"]

1. e4 e5 2. Nf3 Nc6 3. Bb5 a6 4. Ba4 Nf6 5. O-O b5 6. Bb3 Bc5 7. c3 Qe7 8. d4
Ba7 9. Bg5 d6 10. a4 Bb7 11. axb5 axb5 12. d5 Nb8 13. Nbd2 Nbd7 14. Qe2 c6 15.
dxc6 Bxc6 16. Bd5 Bxd5 17. exd5 O-O 18. Nd4 Bxd4 19. cxd4 Nb6 20. Qxb5 Nbxd5
21. Ne4 h6 22. Rxa8 Rxa8 23. Qc6 Rb8 24. Bxf6 Nxf6 25. Qxd6 Qxd6 26. Nxd6 exd4
27. Rb1 Nd5 28. g3 Nc3 29. Re1 Rxb2 30. Re8+ Kh7 31. Nxf7 d3 32. Rh8+ Kg6 33.
Ne5+ Kf6 34. Nxd3 Rd2 35. Nf4 Ne4 36. Rf8+ Kg5 37. Ne6+ Kg6 38. Nf4+ Kh7 39.
Ne6 Rd6 40. Re8 Nf6 41. Re7 Nd5 42. Re8 Kg6 43. Nd8 Nf6 44. Rf8 Nh7 45. Rh8 Rb6
46. Re8 Nf6 47. Re6 Rxe6 48. Nxe6 Kf7 49. Nd4 Kg6 50. h4 Kh5 51. Nf5 Kg6 52.
Ne3 Ne4 53. g4 Nd6 54. f4 h5 55. f5+ Kf6 56. g5+ Ke5 57. f6 gxf6 58. g6 Ke6 59.
Kf2 f5 60. Nd5 Ne4+ 61. Kf3 Kxd5 62. g7 Nf6 63. Kf4 Ke6 64. Kg5 Kf7 65. g8=Q+
Nxg8 66. Kxf5 Kg7 67. Ke5 Kg6 68. Kf4 Kf6 69. Kg3 Kf5 70. Kf3 Nf6 71. Kg3 Nd7
72. Kf3 Ne5+ 73. Kg3 Ke4 74. Kg2 Kf4 75. Kh3 Kf3 76. Kh2 Kg4 0-1

[Event "Central London Minor"]
[Site "London"]
[Date "2022.11.06"]
[Round "5.4"]
[White "Khan, Shahbaz"]
[Black "Sloan, Cecil"]
[Result "1/2-1/2"]
[WhiteElo "1643"]
[BlackElo "1503"]
[PlyCount "64"]
[EventDate "2022.11.04"]
[EventType "swiss"]
[EventRounds "5"]
[EventCountry "ENG"]
[SourceTitle "BritBase"]
[Source "John Saunders"]
[SourceDate "2023.06.01"]
[SourceVersion "1"]
[SourceVersionDate "2023.06.01"]
[SourceQuality "1"]

1. d4 Nf6 2. c4 e6 3. Nc3 Bb4 4. e3 b6 5. a3 Bxc3+ 6. bxc3 Ba6 7. Bd3 Nc6 8. e4
e5 9. d5 Na5 10. Qa4 O-O 11. Nf3 d6 12. Bg5 Qd7 13. Qb4 Ne8 14. O-O Nb7 15. Nd2
Nc5 16. Qb1 h6 17. Be3 Nf6 18. f4 Nxd3 19. Qxd3 Ng4 20. fxe5 Nxe5 21. Qe2 Qg4
22. Qxg4 Nxg4 23. Bd4 f6 24. Rf4 Ne5 25. Bxe5 fxe5 26. Rxf8+ Rxf8 27. Rf1 Rxf1+
28. Kxf1 Kf7 29. Ke2 Kf6 30. h4 g5 31. Kf3 h5 32. g3 g4+ 1/2-1/2

[Event "Central London Minor"]
[Site "London"]
[Date "2022.11.06"]
[Round "5.5"]
[White "Gill, Gursharanjit S"]
[Black "McGann, John"]
[Result "1-0"]
[WhiteElo "1584"]
[BlackElo "1189"]
[PlyCount "75"]
[EventDate "2022.11.04"]
[EventType "swiss"]
[EventRounds "5"]
[EventCountry "ENG"]
[SourceTitle "BritBase"]
[Source "John Saunders"]
[SourceDate "2023.06.01"]
[SourceVersion "1"]
[SourceVersionDate "2023.06.01"]
[SourceQuality "1"]

1. c4 e5 2. Nc3 Nf6 3. g3 g6 4. Bg2 Bg7 5. d3 O-O 6. e4 d6 7. Nge2 Be6 8. h3
Nbd7 9. O-O Nc5 10. b4 Na6 11. a3 Qd7 12. Kh2 Nh5 13. Nd5 c6 14. Ne3 f5 15.
exf5 gxf5 16. Ng1 Nf6 17. Rb1 Nc7 18. f4 exf4 19. Rxf4 Bh6 20. Rf1 Bxe3 21.
Bxe3 d5 22. Nf3 dxc4 23. Ne5 Qg7 24. dxc4 Ne4 25. Bxe4 Qxe5 26. Bf4 Qxe4 27.
Bxc7 Qxc4 28. Rc1 Qa2+ 29. Rc2 Qxa3 30. Qd2 Rac8 31. Qg5+ Kf7 32. Rxf5+ Bxf5
33. Qxf5+ Kg8 34. Qg5+ Kf7 35. Rf2+ Ke8 36. Qe5+ Kd7 37. Qd6+ Ke8 38. Rxf8# 1-0

[Event "Central London Minor"]
[Site "London"]
[Date "2022.11.06"]
[Round "5.7"]
[White "Bynnersley, Anthony G"]
[Black "Haddock, Paul"]
[Result "1/2-1/2"]
[WhiteElo "1437"]
[BlackElo "1418"]
[PlyCount "44"]
[EventDate "2022.11.04"]
[EventType "swiss"]
[EventRounds "5"]
[EventCountry "ENG"]
[SourceTitle "BritBase"]
[Source "John Saunders"]
[SourceDate "2023.06.01"]
[SourceVersion "1"]
[SourceVersionDate "2023.06.01"]
[SourceQuality "1"]

1. e4 c5 2. Nf3 d6 3. d4 cxd4 4. Nxd4 Nf6 5. Nc3 g6 6. Be2 Bg7 7. Be3 Nc6 8. f3
Bd7 9. Qd2 O-O 10. O-O-O Re8 11. h4 h5 12. g4 Rc8 13. Kb1 Ne5 14. g5 Nh7 15. f4
Nc4 16. Bxc4 Rxc4 17. f5 Qa5 18. fxg6 fxg6 19. Nb3 Qc7 20. Nd5 Qc8 21. Qd3 Be5
22. Bxa7 Bb5 1/2-1/2

[Event "Central London Minor"]
[Site "London"]
[Date "2022.11.06"]
[Round "5.8"]
[White "Wessels, Hendrik"]
[Black "Tierney, John"]
[Result "1-0"]
[WhiteElo "1709"]
[BlackElo "1302"]
[PlyCount "83"]
[EventDate "2022.11.04"]
[EventType "swiss"]
[EventRounds "5"]
[EventCountry "ENG"]
[SourceTitle "BritBase"]
[Source "John Saunders"]
[SourceDate "2023.06.01"]
[SourceVersion "1"]
[SourceVersionDate "2023.06.01"]
[SourceQuality "1"]

1. e4 e5 2. Nf3 Nc6 3. Bc4 Nf6 4. d4 d6 5. O-O Be7 6. dxe5 dxe5 7. Nc3 O-O 8.
Bg5 Qxd1 9. Raxd1 Nb4 10. Rd2 a5 11. Nxe5 Nc6 12. Nxc6 bxc6 13. Rd3 Ba6 14.
Bxa6 Rxa6 15. e5 Nd5 16. Bxe7 Nxe7 17. Rd7 Nd5 18. Nxd5 cxd5 19. Rxd5 a4 20.
Rfd1 Raa8 21. Rc5 Rad8 22. Rxd8 Rxd8 23. g3 Rd7 24. Ra5 g6 25. Rxa4 Rd1+ 26.
Kg2 Re1 27. Ra5 Re2 28. Rc5 Re1 29. Kf3 Rh1 30. h4 Rb1 31. b3 Rb2 32. a4 h5 33.
Rxc7 Kf8 34. Kf4 Rb1 35. a5 Rd1 36. a6 Rd4+ 37. Ke3 Rd5 38. Rc8+ Ke7 39. a7
Rxe5+ 40. Kd4 Re2 41. a8=Q Kf6 42. Qa6+ 1-0

[Event "Central London Minor"]
[Site "London"]
[Date "2022.11.06"]
[Round "6.1"]
[White "Merrifield, Peter"]
[Black "Carter, John"]
[Result "0-1"]
[WhiteElo "1073"]
[BlackElo "1641"]
[PlyCount "50"]
[EventDate "2022.11.04"]
[EventType "swiss"]
[EventRounds "5"]
[EventCountry "ENG"]
[SourceTitle "BritBase"]
[Source "John Saunders"]
[SourceDate "2023.06.01"]
[SourceVersion "1"]
[SourceVersionDate "2023.06.01"]
[SourceQuality "1"]

1. e4 e5 2. Nf3 Nc6 3. d4 exd4 4. Nxd4 Nf6 5. Nc3 Bb4 6. Nxc6 bxc6 7. Bd3 O-O
8. O-O d5 9. a3 Bxc3 10. bxc3 Nxe4 11. Bb2 Rb8 12. Rb1 Qg5 13. Bxe4 dxe4 14.
Re1 Bh3 15. g3 Rfd8 16. Qc1 Qh5 17. Qe3 f5 18. c4 Bg4 19. Qc3 Rxb2 20. Qxb2 Qh3
21. f4 Rd2 22. Qb8+ Kf7 23. Qxc7+ Kg6 24. Qxc6+ Kh5 25. Qe8+ g6 0-1